Southville International School and Colleges
Your cart is empty.
  • Cart
  • Lists
    Public lists Eva Luna New books Lux_list list_1
    Your lists Log in to create your own lists
  • Log in to your account
  • Your cookies
  • Search history
Southville International School and Colleges
  • Advanced search
  • Recent comments
  • Most popular
  • Libraries

Log in to your account

Log in with GOOGLE


If you do not have an external account, but do have a local account, you can still log in:

  1. Home
  2. MARC view: Essentials of anatomy & physiology /
Normal view MARC view ISBD view

Essentials of anatomy & physiology / (Record no. 24906)

[ view plain ]
MARC details
000 -LEADER
fixed length control field 00847nam a2200289 a 4500
003 - CONTROL NUMBER IDENTIFIER
control field PILC
005 - DATE AND TIME OF LATEST TRANSACTION
control field 20151008082116.0
008 - FIXED-LENGTH DATA ELEMENTS--GENERAL INFORMATION
fixed length control field 111005s19uu xx 00 eng d
020 ## - INTERNATIONAL STANDARD BOOK NUMBER
International Standard Book Number 0071257829
020 ## - INTERNATIONAL STANDARD BOOK NUMBER
International Standard Book Number 9780071257824
050 ## - LIBRARY OF CONGRESS CALL NUMBER
Classification number QP 34.5
Item number .Se418 2008
100 ## - MAIN ENTRY--PERSONAL NAME
Personal name Seeley, Rod R.
245 ## - TITLE STATEMENT
Title Essentials of anatomy & physiology /
Statement of responsibility, etc Rod R. Seeley, Trent D. Stephens, Philip Tate.
250 ## - EDITION STATEMENT
Edition statement 6th edition.
260 ## - PUBLICATION, DISTRIBUTION, ETC. (IMPRINT)
Place of publication, distribution, etc Singapore :
Name of publisher, distributor, etc McGraw-Hill Companies,
Date of publication, distribution, etc 2008.
300 ## - PHYSICAL DESCRIPTION
Extent xxi, 666 pages ;
Other physical details color illustrations ;
Dimensions 29 cm.
500 ## - GENERAL NOTE
General note Includes appendix, glossary and index.
650 ## - SUBJECT ADDED ENTRY--TOPICAL TERM
Topical term or geographic name as entry element Human anatomy.
650 ## - SUBJECT ADDED ENTRY--TOPICAL TERM
Topical term or geographic name as entry element Human physiology.
650 ## - SUBJECT ADDED ENTRY--TOPICAL TERM
Topical term or geographic name as entry element Anatomy.
650 ## - SUBJECT ADDED ENTRY--TOPICAL TERM
Topical term or geographic name as entry element Physiology.
700 ## - ADDED ENTRY--PERSONAL NAME
Personal name Stephens, Trent D.
700 ## - ADDED ENTRY--PERSONAL NAME
Personal name Tate, Philip.
942 ## - ADDED ENTRY ELEMENTS (KOHA)
Koha item type Books
Source of classification or shelving scheme Library of Congress Classification
Call number prefix Foreign
Holdings
Withdrawn status Lost status Source of classification or shelving scheme Damaged status Home library Current library Shelving location Date acquired Source of acquisition Total Checkouts Total Renewals Full call number Barcode Date last seen Date checked out Copy number Price effective from Koha item type
    Library of Congress Classification   Archives Archives   01/13/2014 Donation 1 3 QP 34.5 .Se418 2008 C13759 10/24/2018 09/26/2018 1 01/13/2014 Books
    Library of Congress Classification   Archives Archives   01/13/2014 Donation 2   QP 34.5 .Se418 2008 C13663 10/27/2018 10/25/2018 2 01/13/2014 Books
    Library of Congress Classification   College Library College Library General Circulation Section 10/08/2015 Donation 2 4 QP 34.5 .Se418 2007 C20142 12/03/2018 10/25/2018   10/08/2015 Books

Essentials of anatomy & physiology /

APA

Seeley R. R., Stephens T. D. & Tate P. (2008). Essentials of anatomy & physiology. Singapore: McGraw-Hill Companies.

Chicago

Seeley Rod R, Stephens Trent D and Tate Philip. 2008. Essentials of anatomy & physiology. Singapore: McGraw-Hill Companies.

Harvard

Seeley R. R., Stephens T. D. and Tate P. (2008). Essentials of anatomy & physiology. Singapore: McGraw-Hill Companies.

MLA

Seeley Rod R, Stephens Trent D and Tate Philip. Essentials of anatomy & physiology. Singapore: McGraw-Hill Companies. 2008.

  • Place hold
  • Print
  • Cite
  • Add to your cart (remove)
  • Save record
    BIBTEX Dublin Core MARCXML MARC (non-Unicode/MARC-8) MARC (Unicode/UTF-8) MARC (Unicode/UTF-8, Standard) MODS (XML) RIS
  • More searches
    Search for this title in:
    Other Libraries (WorldCat) Other Databases (Google Scholar) Online Stores (Bookfinder.com) Open Library (openlibrary.org)

Exporting to Dublin Core...

SOUTHVILLE LIBRARY

Southville International School and Colleges Library

1281 Tropical Ave. Cor. Luxembourg St., BF Homes International, Las Pinas City

Tel. No. 8256374 / 252358 Loc. 117/146

Powered by Koha